| 000 -LEADER |
| fixed length control field |
01005nam a22002177a 4500 |
| 001 - CONTROL NUMBER |
| control field |
10817 |
| 003 - CONTROL NUMBER IDENTIFIER |
| control field |
BD-DhUAP |
| 005 - DATE AND TIME OF LATEST TRANSACTION |
| control field |
20201209125431.0 |
| 008 - FIXED-LENGTH DATA ELEMENTS--GENERAL INFORMATION |
| fixed length control field |
201115s2006 ii |||| |||| 000 0 ben d |
| 040 ## - CATALOGING SOURCE |
| Original cataloging agency |
BD-DhUAP |
| Language of cataloging |
Ben |
| Transcribing agency |
BD-DhUAP |
| Modifying agency |
BD-DhUAP |
| 082 ## - DEWEY DECIMAL CLASSIFICATION NUMBER |
| Edition number |
23 |
| Classification number |
294.5923 BED |
| 100 ## - MAIN ENTRY--PERSONAL NAME |
| Personal name |
বেদব্যাস। |
| 245 ## - TITLE STATEMENT |
| Title |
মহাভারত / |
| Statement of responsibility, etc. |
বেদব্যাস ; কালীপ্রসন্ন সিংহ কর্তৃক অনূদিত। |
| 250 ## - EDITION STATEMENT |
| Edition statement |
৭ম পরি. সং.। |
| 260 ## - PUBLICATION, DISTRIBUTION, ETC. |
| Place of publication, distribution, etc. |
কলকাতা : |
| Name of publisher, distributor, etc. |
তুলি-কলম, |
| Date of publication, distribution, etc. |
c২০০৬। |
| 300 ## - PHYSICAL DESCRIPTION |
| Extent |
খণ্ড : |
| Other physical details |
চিত্র ; |
| Dimensions |
২২ সেমি.। |
| 505 ## - FORMATTED CONTENTS NOTE |
| Formatted contents note |
খণ্ড ১- আদিপর্ব্ব, সভাপর্ব্ব, নবপর্ব্ব, বিরাটপর্ব্ব, উদ্যোগপর্ব্ব, শীষ্মপর্ব্ব। |
| 650 ## - SUBJECT ADDED ENTRY--TOPICAL TERM |
| Topical term or geographic name entry element |
Mahabharate. |
| 700 ## - ADDED ENTRY--PERSONAL NAME |
| Personal name |
সিংহ, কালীপ্রসন্ন। |
| 942 ## - ADDED ENTRY ELEMENTS (KOHA) |
| Source of classification or shelving scheme |
|
| Koha item type |
Book |